000 00712nam a2200229Ia 4500
005 20250507130344.0
008 008 250505s9999 xx 000 0 chi d
020 _a9789574441044
037 _aAnnuals, Advances
040 _aEASL
_beng
_cEASL
041 _achi
_2eng
084 _aO4295,4NCA, 41P5
_qEASL
100 _aCai Shi Ping Au.
_9665224
245 0 _aXin Shi Ji Sanwen Jia (12) : Cai Shi Ping Jing Xuan Ji
260 _aChina
_bTaibei Jiu ge chu ban she you xian gongsi Taiwan
_c2005
300 _a318p.
365 _aYu
_b290.00
650 _aCL
_9642733
700 _aChen Yi Zhi Co.
_9665225
942 _cTEXL
_hO4295,4NCA, 41P5
999 _c1319196
_d1319196